Counteraction viewed as a means of cure with remarks on the uses of the issue / (Record no. 53307)
[ view plain ]
| 000 -LEADER | |
|---|---|
| campo de control de longitud fija | 00638nam a2200157 i 4500 |
| 001 - NÚMERO DE CONTROL | |
| campo de control | 53307 |
| 003 - IDENTIFICADOR DE NÚMERO DE CONTROL | |
| campo de control | ES-MaACL |
| 005 - FECHA Y HORA DE LA ÚLTIMA TRANSACCIÓN | |
| campo de control | 20230906162737.0 |
| 008 - DATOS DE LONGITUD FIJA--INFORMACIÓN GENERAL | |
| campo de control de longitud fija | 031017s1832 xxk |||| | eng d |
| 100 1# - ENTRADA PRINCIPAL--NOMBRE DE PERSONA | |
| Nombre de persona | Epps, John. |
| 9 (RLIN) | 47329 |
| 245 10 - MENCIÓN DEL TÍTULO | |
| Título | Counteraction viewed as a means of cure with remarks on the uses of the issue / |
| Mención de responsabilidad, etc. | John Epps. |
| 260 ## - PUBLICACIÓN, DISTRIBUCIÓN, ETC. | |
| Lugar de publicación, distribución, etc. | London : |
| Nombre del editor, distribuidor, etc. | Renshaw and Rush, |
| Fecha de publicación, distribución, etc. | 1832. |
| 300 ## - DESCRIPCIÓN FÍSICA | |
| Extensión | VIII, 69 p. ; |
| Dimensiones | 22 cm. |
| 650 04 - PUNTO DE ACCESO ADICIONAL DE MATERIA--TÉRMINO DE MATERIA | |
| Término de materia o nombre geográfico como elemento de entrada | Terapéutica. |
| 9 (RLIN) | 17479 |
| 852 ## - LOCALIZACIÓN | |
| Ubicación | ES-MaACL |
| Número de control de estantería | T-483 bis-F-2 |
| Nota libre | - Enc. hol., en el lomo: "Folletos Cólera" |
| -- | - Enc. en un vol. facticio |
| -- | . - En port., anotación manuscrita: " To the editor of the Atheneum..." |
| Estatus retirado | Estado de pérdida | Estado de daño | No para préstamo | Colección | Biblioteca de origen | Biblioteca actual | Ubicación en estantería | Fecha de adquisición | Fuente de adquisición | Total de préstamos | Signatura topográfica completa | Código de barras | Visto por última vez | Precio de reemplazo | Tipo de ítem Koha |
|---|---|---|---|---|---|---|---|---|---|---|---|---|---|---|---|
| Colección de folletos | Biblioteca del Ateneo de Madrid | Biblioteca del Ateneo de Madrid | Depósito folletos | 17/01/2008 | T-483 bis-F-2 | 1056012 | 23/02/2023 | 23/02/2023 | Folleto |
